• 首页
  • 本馆介绍
  • 公告通知
  • 最新文献
  • 馆藏检索
  • 电子资源
  • 读者导购
  • 参考咨询
  • 我的图书馆
  • 登录
  • 详细信息显示
  • 放入我的书架
  • 预约/预借图书
  • 作者相关作品
  • 分类相关作品
  • 丛书相关作品
  • 出版社相关作品

书目信息

  • 表格格式
  • 工作单格式
  • 卡片格式
题名:
生物安全实验室建设
    
 
作者: 俞泳霆 , 李太华 , 董德祥 主编 ;医科院医学生物学研究所 , 中国协和医科大学医学生物研究所 编写
分册:  
出版信息: 北京   化学工业出版社  2006
页数: 300页
开本: 24cm
丛书名: 生物实验室系列
单 册:
中图分类: Q-338
科图分类:
主题词: 生物学--实验室--建设 , 生物学
电子资源:
ISBN: 7-5025-8320-3
000 01399oam2 2200313 450
001 012007458347
005 20070525152448.78
010    @a7-5025-8320-3@dCNY49.00
100    @a20070517d2006 km y0chiy0120 ea
101 0  @achi
102    @aCN@b110000
105    @aa z 000yy
106    @ar
200 1  @a生物安全实验室建设@Asheng wu an quan shi yan shi jian she@f俞泳霆,李太华,董德祥主编@Fyu yong ting,li tai hua,dong de xiang zhu bian@g中国医学科学院医学生物研究所,中国协和医科大学医学生物研究所编写@Gzhong guo yi xue ke xue yuan yi xue sheng wu yan jiu suo,zhong guo xie he yi ke da xue yi xue sheng wu yan jiu suo bian xie
210    @a北京@c化学工业出版社@d2006
215    @a300页@c图@d24cm
225 2  @a生物实验室系列
330    @a本书结合生物安全的基本原理,借鉴欧、美及大洋洲部分重点生物安全实验室的使用经验,对生物安全实验室建设所涉及的技术问题进行了较为全面的阐述。
461  0 @12001 @a生物实验室系列
606 0  @a生物学@x实验室@x建设
606 0  @a生物学
690    @aQ-338@v4
701  0 @a俞泳霆@Ayu yong ting@4主编
701  0 @a李太华@Ali tai hua@4主编
701  0 @a董德祥@Adong de xiang@4主编
712 02 @a医科院医学生物学研究所@Azhong guo yi xue ke xue yuan yi xue sheng wu yan jiu suo@4编写
712 02 @a中国协和医科大学医学生物研究所@Azhong guo xie he yi ke da xue yi xue sheng wu yan jiu suo@4编写
801  0 @aCN@bRULIN@c20070525
905    @dQ-338@e58@s8
    
    生物安全实验室建设/俞泳霆,李太华,董德祥主编/中国医学科学院医学生物研究所,中国协和医科大学医学生物研究所编写.-北京:化学工业出版社,2006
    300页:图;24cm.-(生物实验室系列)
    
    
    ISBN 7-5025-8320-3:CNY49.00
    本书结合生物安全的基本原理,借鉴欧、美及大洋洲部分重点生物安全实验室的使用经验,对生物安全实验室建设所涉及的技术问题进行了较为全面的阐述。
●
相关链接 在E读中查询图书 在五车中查询图书 在当当中查询图书 在豆瓣中查询图书


正题名:生物安全实验室建设     索取号:Q-338/58         预约/预借

序号 登录号 条形码 馆藏地/架位号 状态 备注
1 0580751   205807518   第二样本阅览室/ [索取号:Q-338/58] 在馆    
2 0580752   205807527   密集书库/ [索取号:Q-338/58] 在馆    
3 0580753   205807536   第三借阅区/ [索取号:Q-338/58] 在馆    
4 0580754   205807545   第三借阅区/ [索取号:Q-338/58] 在馆    
5 0580755   205807554   密集书库/ [索取号:Q-338/58] 在馆    
6 0580756   205807563   第三借阅区/ [索取号:Q-338/58] 在馆    
7 0580757   205807572   密集书库/ [索取号:Q-338/58] 在馆    
8 0580758   205807581   密集书库/ [索取号:Q-338/58] 在馆    
唐山师范学院图书馆 欢迎您!
大连网信软件有限公司© 版权所有